Natalie Portman Movies by Picture - Statistics

General Stats
  • This quiz has been taken 60 times
  • The average score is 7 of 16
Answer Stats
Picture Answer % Correct
Thor
96%
Black Swan
92%
Star Wars: Episode I - The Phantom Menace
92%
V for Vendetta
82%
Jackie
71%
Léon: The Professional
71%
No Strings Attached
37%
Closer
27%
The Other Boleyn Girl
27%
Garden State
25%
May December
22%
Annihilation
18%
Brothers
16%
Anywhere But Here
8%
Where the Heart Is
8%
Mars Attacks!
6%
No matching quizzes found
Score Distribution
Percent of People with Each Score
Percentile by Number Answered
Your Score History
You have not taken this quiz